| 000 | 00594nam a22001937a 4500 | ||
|---|---|---|---|
| 003 | OSt | ||
| 005 | 20140310183011.0 | ||
| 008 | 130211t xxu||||| |||| 00| 0 eng d | ||
| 020 | _a9789712722776 | ||
| 050 |
_aPN 2918.A93 _b.Av3 2009 |
||
| 100 | _aAvellana, Daisy Hontiveros | ||
| 245 |
_aThe Drama of it : _ba life on film and theater / _cDaisy Hontiveros Avellana. |
||
| 260 |
_aManila : _bAnvil Publishing, _c2009. |
||
| 300 |
_a175 p. : _c26 cm. _bill. ; |
||
| 521 | _aMC | ||
| 650 |
_aMotion picture actors & actresses _xPhilippines _xBiography |
||
| 942 |
_2lcc _cBK _kLOC |
||
| 999 |
_c18238 _d18238 |
||